00567nam a22001577a 450000500170000001000150001702000260003203500140005803700130007208200120008510000230009724500860012026000650020627001110027130000270038220220629101920.0 aENG-133369 a9789393330185c350.00 aEN-116901 bDBAD/PUB a512.482 aPollatsek, Harriet aLie groups A problems oriented introduction via matrix groups/cHarriet pollatsek aHyderabad bUniversities press (India) Private Limitedc2022 bHyderabad a3-6-747/1/A &3- 6- 754/ 1Himayatnagar , Telangana , Indiae500029minfo@universitiespress.com; a173pbIndexc24cm(pbk)